000 00894nam a2200289Ia 4500
003 OSt
005 20221005092110.0
006 a|||||r|||| 00| 0
007 ta
008 221004b |||||||| |||| 00| 0 eng d
020 _a9781138697683
_cUKP 105.00
024 _a34770
037 _b1398, 08/09/2017, Bright Book Service
_cTextual
040 _aCRL
_cCRL
_beng
041 _2eng
_aeng
082 _aY15z7, Q7
100 _aKajevska Ana Miskovska Au.
_9616890
245 0 _aFeminist activism at war
_b Belgrade and Zagreb feminist in the 1990s
260 _aNew York
_bRoutledge
_c2017
300 _ax,186p.
_ccm.
490 _aGender and comparative politics
650 _a SOCIOLOGY
650 _a WOMEN
650 _aFEMINISM
942 _hY15z7, Q7
_cTEXL
_2cc
999 _c998336
_d998336